Statistics for Most Populous Countries Outside Asia

Click here to take the quiz!

General Stats

  • This quiz has been taken 35 times
  • The average score is 26 of 29

Answer Stats

Pop.Country% Correct
215,3 milBrazil
100%
64,7 milFrance
100%
83,4 milGermany
100%
127,5 milMexico
100%
218,6 milNigeria
100%
67,5 milUnited Kingdom
100%
110,9 milEgypt
97%
58,9 milItaly
97%
338,2 milUnited States
97%
34,0 milPeru
94%
59,9 milSouth Africa
94%
47,5 milSpain
94%
38,4 milCanada
91%
51,8 milColombia
91%
99,0 milDR Congo
91%
123,3 milEthiopia
91%
54,0 milKenya
91%
39,4 milUkraine
91%
45,5 milArgentina
88%
39,8 milPoland
88%
47,2 milUganda
85%
29,3 milVenezuela
85%
37,7 milMorocco
82%
44,9 milAlgeria
79%
65,5 milTanzania
79%
46,8 milSudan
76%
33,3 milGhana
74%
35,6 milAngola
71%
32,9 milMozambique
65%

Score Distribution

Percentile by Number Answered

Percent of People with Each Score

Your Score History

You have not taken this quiz